000 00879nam a2200241 a 4500
001 BRCA_8287
005 20190320210219.0
008 120614s1949----mx-####g##---#000-0#spa-#
041 _aspa
044 _amx
050 4 _aBX3550.S2
_b.C78 1949
100 1 _aCruz y Moya, Juan José de la
_cFray
_d1706-1760?
_920698
245 1 0 _aHistoria de la Santa y Apostólica Provincia de Santiago de Predicadores de México en la Nueva España
_btomo I
_cpor Fray Juan José de la Cruz y Moya ; introducción e índices de Gabriel Saldívar.
260 _aMéxico
_bLibrería de Manuel Porrúa
_c1949
300 _a291 p.
_c24 cm.
440 0 _aDocumentos Mexicanos
_n3
_920699
500 _aS78
650 1 4 _aOrden religiosa de los Dominicos
_zMéxico
_920700
651 4 _aNueva España
_xHistoria
_93639
700 1 _aSaldívar, Gabriel
_eintr.
_96327
902 _aGFM
942 _2lcc
_cB
999 _c7955
_d7955